00956nam a22002417a 450000500170000001000180001702000390003502000390007403500230011303500230013603700130015908200080017210000200018024501080020025000090030826000680031727001550038530000920054070000240063270000190065670000160067570000230069120210201151404.0 aENG-128887-88 c750.00 (Vol. 1)a978-93-534-3366-6 c699.00 (Vol. 2)a978-93-534-3367-3 aEN-112419 (Vol. 1) aEN-112420 (Vol. 2) bDBAD/PUB a000 aYoung, Hugh D.  aSears and Zemansky's University Physics for JEE Mains ans Advance/cHugh D. Young and Roger A. Freedman a13th aUttar PradeshbPerason India Education Services Pvt. Ltd.c2021 bUttar Pradeshe201301a15th Floor, Tower- B, World Trade Tower, Plot No- 1, Block- C, Sec- 16, Noidak044-66540100mcompanysecretary.india@pearson.com axiii+637(Vol 1) various pages (Vol 2)p.c25cm(pbk)bIncluding Illustrations and tables. aFreedman, Roger A.  aFord, A. Lewis aJain, Nitin aSethia, Neel Kamal